| 000 | 01041nam a2200361 a 4500 | ||
|---|---|---|---|
| 001 | 20724 | ||
| 003 | VRT | ||
| 005 | 20260130143214.0 | ||
| 008 | 980311s1997 xo g 000 1 slo c | ||
| 020 | _a8022007951 (viaz.) | ||
| 035 | _aUKB000228377 | ||
| 039 | 9 |
_a201205141447 _bgluc |
|
| 040 |
_aBAA001 _bslo _cBAA001 _eAACR2 |
||
| 041 | 1 |
_aslo _heng |
|
| 044 |
_axo _cSK |
||
| 080 | _a820(73)-312.4 | ||
| 100 | 1 |
_aHunter, Evan, _d1926-2005 |
|
| 245 | 1 | 0 |
_aDôverné rozhovory _cEvan Hunter ; [z angl. orig. prel. Miroslava Staszová] |
| 250 | _a1. vyd | ||
| 260 |
_aBratislava _bSlov. spis. _c1997 |
||
| 300 | _a189, [1] s. | ||
| 490 | 1 | _aZelená knižnica | |
| 650 | 0 | 7 | _aliteratúra americká |
| 650 | 0 | 7 | _aromány detektívne |
| 653 | _a820(73)-312.4 | ||
| 700 | 1 |
_aStaszová, Miroslava _4trl |
|
| 765 | 0 |
_tPrivileged conversation _aHunter, Evan |
|
| 830 | 0 | _aZelená knižnica | |
| 910 | _aukb | ||
| 942 |
_2ddc _cKLDO _n0 |
||
| 949 |
_61800030029 _a30.D.72685 _bPV.1287-98 |
||
| 949 |
_61800030030 _aSL.D.28568 _bPV.1288-98 |
||
| 999 |
_c20724 _d20724 |
||